000 00552nam a22001697a 4500
005 20231106101933.0
008 231106b |||||||| |||| 00| 0 eng d
020 _a0409111449
041 _aEnglish
082 _a346.5 PLA
100 _aSwart, JN et al.
_lEnglish
245 _aThe Planning and Administration of Estates - An introduction /
_cJN Swart et al.
260 _aDurban :
_bButterworth Publishers (Pty) Ltd,
_c1985
300 _bv, 367 pages ;
_c25 cm.
650 _aLegal practice
_bLaw
942 _cBK
_6ALISON_BN_VRIES
999 _c306
_d306